[Event "25th Klatovy B 2017"]
[Site "Klatovy CZE"]
[Date "2017.07.07"]
[Round "7.18"]
[White "Haderka, Karel"]
[Black "Sova, Zdenek"]
[Result "0-1"]
[WhiteElo "1825"]
[BlackElo "1672"]
[PlyCount "48"]
[EventDate "2017.07.01"]
[EventType "swiss"]
[EventRounds "9"]
[EventCountry "CZE"]

1. c4 e5 2. Nc3 Nf6 3. g3 Bb4 4. Bg2 Nc6 5. e3 O-O 6. Nge2 a6 7. O-O Re8 8. d4 exd4 9. exd4 Rb8 10. a3 Bf8 11. d5 Ne5 12. Qd4 c5 13. dxc6 dxc6 14. Bf4 Nfd7 15. b4 g6 16. Rad1 Bg7 17. Qa7 Qb6 18. Qxb6 Nxb6 19. c5 Nbc4 20. Bc1 Be6 21. Ne4 Red8 22. Nf4 Bg4 23. f3 Rxd1 24. Rxd1 Nxf3+ 0-1

[Event "25th Klatovy B 2017"]
[Site "Klatovy CZE"]
[Date "2017.07.07"]
[Round "7.19"]
[White "Flajsman, Petr"]
[Black "Lacha, Jan"]
[Result "1/2-1/2"]
[WhiteElo "1567"]
[BlackElo "1815"]
[PlyCount "29"]
[EventDate "2017.07.01"]
[EventType "swiss"]
[EventRounds "9"]
[EventCountry "CZE"]

1. e4 e6 2. d4 d5 3. exd5 exd5 4. Nf3 Bg4 5. Be2 Bd6 6. Nc3 c6 7. Ne5 Bxe2 8. Qxe2 Bxe5 9. Qxe5+ Qe7 10. Qxe7+ Nxe7 11. Bf4 Ng6 12. Bg3 Nd7 13. Bd6 O-O-O 14. O-O-O Rhe8 15. Rde1 1/2-1/2

[Event "25th Klatovy B 2017"]
[Site "Klatovy CZE"]
[Date "2017.07.07"]
[Round "7.20"]
[White "Novotny, David"]
[Black "Kovar, Vaclav 1953"]
[Result "1/2-1/2"]
[WhiteElo "1725"]
[BlackElo "1650"]
[PlyCount "26"]
[EventDate "2017.07.01"]
[EventType "swiss"]
[EventRounds "9"]
[EventCountry "CZE"]

1. d4 d5 2. c4 e6 3. Nc3 Nf6 4. Bg5 Be7 5. Nf3 O-O 6. e3 Nbd7 7. cxd5 Nxd5 8. Nxd5 Bxg5 9. Nxg5 Qxg5 10. Nc3 Nb6 11. g3 c6 12. Bg2 Rd8 13. O-O e5 1/2-1/2

[Event "25th Klatovy B 2017"]
[Site "Klatovy CZE"]
[Date "2017.07.07"]
[Round "7.21"]
[White "Rychtecky, Pavel"]
[Black "Kovarova, Oxana"]
[Result "1/2-1/2"]
[WhiteElo "1643"]
[BlackElo "1740"]
[PlyCount "57"]
[EventDate "2017.07.01"]
[EventType "swiss"]
[EventRounds "9"]
[EventCountry "CZE"]

1. e4 e5 2. Nf3 Nc6 3. Bb5 f5 4. Nc3 Nf6 5. Qe2 d6 6. d4 a6 7. Bxc6+ bxc6 8. dxe5 Nxe4 9. Nxe4 fxe4 10. Qxe4 d5 11. Qd3 Be7 12. O-O O-O 13. Nd4 Qe8 14. f4 a5 15. Rf2 c5 16. Nf3 Qc6 17. c3 Bf5 18. Qe2 a4 19. Be3 Qb7 20. Rd1 h6 21. h3 Ra6 22. g4 Be4 23. Rd2 Rg6 24. Kh2 Rb6 25. Kg3 Qc6 26. h4 Qe8 27. Qd1 Qb5 28. Qc1 Qd7 29. h5 1/2-1/2

[Event "25th Klatovy B 2017"]
[Site "Klatovy CZE"]
[Date "2017.07.07"]
[Round "7.22"]
[White "Nagy, Ladislav"]
[Black "Krupansky, Jaromir"]
[Result "0-1"]
[WhiteElo "1000"]
[BlackElo "1764"]
[PlyCount "100"]
[EventDate "2017.07.01"]
[EventType "swiss"]
[EventRounds "9"]
[EventCountry "CZE"]

1. Nf3 d5 2. g3 d4 3. c3 Nc6 4. Qa4 Bd7 5. cxd4 Ne5 6. Qa3 Nxf3+ 7. exf3 Bc6 8. Bg2 Qxd4 9. O-O e6 10. Qc3 Bc5 11. a3 Bb5 12. Qxd4 Bxd4 13. Re1 Ne7 14. Nc3 Ba6 15. Re4 O-O-O 16. h4 Bd3 17. Re1 Rd6 18. b4 Nf5 19. a4 Nxg3 20. Ra3 Bxc3 21. fxg3 Bxb4 22. Rb3 Bc5+ 23. Kh2 Rhd8 24. f4 Rb6 25. Rxb6 Bxb6 26. Bh3 g6 27. h5 Bc2 28. g4 Ba5 29. Re5 Bxd2 30. Bxd2 Rxd2+ 31. Kg3 gxh5 32. Re2 Bxa4 33. g5 Rd3+ 34. Kh2 Kd8 35. Ra2 Rd4 36. Ra3 Rxf4 37. Kg3 Rd4 38. Bf1 Ke7 39. Rc3 Kd6 40. Rf3 Be8 41. Ra3 a6 42. Rb3 Bc6 43. Rb2 b5 44. Ra2 Bb7 45. Rf2 Ke7 46. Rh2 c5 47. Rh1 Rd8 48. Rh2 c4 49. Kf2 c3 50. Rh3 b4 0-1

[Event "25th Klatovy B 2017"]
[Site "Klatovy CZE"]
[Date "2017.07.07"]
[Round "7.23"]
[White "Sedlacek, Pavel"]
[Black "Stanik, Michal"]
[Result "0-1"]
[WhiteElo "1580"]
[BlackElo "1746"]
[PlyCount "56"]
[EventDate "2017.07.01"]
[EventType "swiss"]
[EventRounds "9"]
[EventCountry "CZE"]

1. c4 e6 2. d4 f5 3. Nc3 Nf6 4. e3 b6 5. Nf3 Bb7 6. a3 d5 7. b4 a5 8. b5 Bd6 9. Be2 O-O 10. O-O Nbd7 11. Bb2 Ne4 12. cxd5 exd5 13. Qb3 Ndf6 14. Rad1 Qe8 15. Nd2 g5 16. Ndxe4 fxe4 17. a4 g4 18. Ba3 Rd8 19. Rd2 Qh5 20. Bxd6 Rxd6 21. Qd1 Qh4 22. f4 gxf3 23. gxf3 Qg5+ 24. Kh1 Qxe3 25. fxe4 dxe4 26. Bh5 Qxd2 27. Qxd2 e3+ 28. Bf3 Bxf3+ 0-1

[Event "25th Klatovy B 2017"]
[Site "Klatovy CZE"]
[Date "2017.07.07"]
[Round "7.24"]
[White "Skalny, Petr"]
[Black "Palla, Ivan"]
[Result "1/2-1/2"]
[WhiteElo "1767"]
[BlackElo "1552"]
[PlyCount "28"]
[EventDate "2017.07.01"]
[EventType "swiss"]
[EventRounds "9"]
[EventCountry "CZE"]

1. f4 e5 2. fxe5 d6 3. Nf3 Nc6 4. d3 dxe5 5. e4 Nf6 6. Nc3 Bb4 7. Be3 O-O 8. Be2 Ng4 9. Qd2 Nd4 10. Rc1 Qd6 11. a3 Nxe3 12. Qxe3 Nxf3+ 13. Bxf3 Bxc3+ 14. bxc3 Qxa3 1/2-1/2

[Event "25th Klatovy B 2017"]
[Site "Klatovy CZE"]
[Date "2017.07.07"]
[Round "7.25"]
[White "Vasko, Pavel"]
[Black "Rerabek, Jaroslav"]
[Result "0-1"]
[WhiteElo "1578"]
[BlackElo "1721"]
[PlyCount "52"]
[EventDate "2017.07.01"]
[EventType "swiss"]
[EventRounds "9"]
[EventCountry "CZE"]

1. e4 c5 2. Nf3 Nc6 3. d4 cxd4 4. Nxd4 g6 5. Nf3 Bg7 6. c3 d6 7. h3 Nf6 8. Bd3 O-O 9. O-O a6 10. Be3 b5 11. a3 Bb7 12. Nfd2 Ne5 13. Bc2 Rc8 14. f3 Nh5 15. Re1 Qc7 16. Nf1 Nc4 17. Qc1 Nxe3 18. Qxe3 a5 19. Bb3 b4 20. axb4 axb4 21. Rc1 bxc3 22. Nxc3 Qd7 23. Qd2 Be5 24. Nd1 Qb5 25. Ba2 Nf4 26. Rab1 Ne2+ 0-1

[Event "25th Klatovy B 2017"]
[Site "Klatovy CZE"]
[Date "2017.07.07"]
[Round "7.26"]
[White "Svanda, Adam"]
[Black "Flajsman, Zdenek"]
[Result "1-0"]
[WhiteElo "1699"]
[BlackElo "1468"]
[PlyCount "63"]
[EventDate "2017.07.01"]
[EventType "swiss"]
[EventRounds "9"]
[EventCountry "CZE"]

1. c4 e5 2. Nc3 Nc6 3. g3 f5 4. Bg2 Nf6 5. d3 Bc5 6. Nf3 d6 7. O-O O-O 8. Rb1 Nh5 9. Nd5 f4 10. Kh1 a5 11. e3 fxg3 12. fxg3 Bg4 13. Qb3 Nb4 14. Nxb4 axb4 15. Bd2 Ra6 16. d4 Ba7 17. c5+ d5 18. Nxe5 Be6 19. Rxf8+ Kxf8 20. Bxb4 c6 21. Bf1 Bb8 22. Bxa6 Bxe5 23. dxe5 Bh3 24. Qd1 Qg5 25. Qf3+ Ke7 26. Bd3 Bg4 27. Qf2 Bh3 28. Bc3 g6 29. e6 Kxe6 30. Qf8 Kd7 31. Qf7+ Kc8 32. Qe8+ 1-0

[Event "25th Klatovy B 2017"]
[Site "Klatovy CZE"]
[Date "2017.07.07"]
[Round "7.27"]
[White "Cipera, Josef"]
[Black "Vavrinkova, Anna"]
[Result "0-1"]
[WhiteElo "1691"]
[BlackElo "1452"]
[PlyCount "76"]
[EventDate "2017.07.01"]
[EventType "swiss"]
[EventRounds "9"]
[EventCountry "CZE"]

1. e4 e5 2. Nf3 Nf6 3. Nxe5 d6 4. Nf3 Nxe4 5. d4 d5 6. Bd3 Bd6 7. O-O O-O 8. c4 c6 9. Nc3 Nxc3 10. bxc3 dxc4 11. Bxc4 Bg4 12. h3 Bh5 13. g4 Bg6 14. Bg5 Qc7 15. Re1 h6 16. Bh4 Nd7 17. Be7 Rfe8 18. Bxd6 Qxd6 19. Nh4 Nb6 20. Bb3 Be4 21. Bc2 Qd5 22. Bxe4 Rxe4 23. Rxe4 Qxe4 24. Nf5 Nd5 25. Qd2 Qf3 26. Nh4 Qxh3 27. Ng2 Qxc3 28. Qd1 Re8 29. Rb1 Re7 30. g5 Qh3 31. gxh6 Qxh6 32. Qg4 Nc3 33. Qc8+ Kh7 34. Qf5+ g6 35. Qc2 Ne2+ 36. Qxe2 Rxe2 37. Rxb7 Qc1+ 38. Kh2 Rxf2 0-1

[Event "25th Klatovy B 2017"]
[Site "Klatovy CZE"]
[Date "2017.07.07"]
[Round "7.28"]
[White "Schille, Hannes"]
[Black "Dolejs, Jakub"]
[Result "1-0"]
[WhiteElo "1690"]
[BlackElo "1442"]
[PlyCount "55"]
[EventDate "2017.07.01"]
[EventType "swiss"]
[EventRounds "9"]
[EventCountry "CZE"]

1. d4 d5 2. c4 e6 3. Nf3 Nf6 4. Bg5 Nbd7 5. e3 c6 6. Nc3 Qa5 7. Bxf6 Nxf6 8. Qc2 Ne4 9. Bd3 Nxc3 10. bxc3 Bd6 11. O-O h6 12. Rfe1 O-O 13. Rab1 Re8 14. cxd5 exd5 15. h3 Be6 16. Rxb7 Rac8 17. Reb1 c5 18. R1b5 Qa3 19. dxc5 Bxc5 20. Rb3 Qa5 21. Nd4 Bb6 22. Nxe6 Rxe6 23. Bf5 Rce8 24. Bxe6 Rxe6 25. Rb8+ Bd8 26. R3b5 Qc7 27. Qb3 d4 28. Rxd8+ 1-0

[Event "25th Klatovy B 2017"]
[Site "Klatovy CZE"]
[Date "2017.07.07"]
[Round "7.29"]
[White "Svejdar, Pavel"]
[Black "Fekete, Frantisek 1941"]
[Result "1/2-1/2"]
[WhiteElo "1581"]
[BlackElo "1678"]
[PlyCount "32"]
[EventDate "2017.07.01"]
[EventType "swiss"]
[EventRounds "9"]
[EventCountry "CZE"]

1. e4 e5 2. Nf3 Nc6 3. d4 exd4 4. Nxd4 Nf6 5. Bg5 Be7 6. Nxc6 bxc6 7. Qf3 O-O 8. Bd3 h6 9. Be3 d6 10. h3 Rb8 11. b3 c5 12. O-O Nd7 13. Nd2 Ne5 14. Qh5 Nxd3 15. cxd3 Bf6 16. Rad1 Re8 1/2-1/2

[Event "25th Klatovy B 2017"]
[Site "Klatovy CZE"]
[Date "2017.07.07"]
[Round "7.30"]
[White "Sedlak, Jakub"]
[Black "Vavrinkova, Jitka"]
[Result "1-0"]
[WhiteElo "1495"]
[BlackElo "1676"]
[PlyCount "107"]
[EventDate "2017.07.01"]
[EventType "swiss"]
[EventRounds "9"]
[EventCountry "CZE"]

1. d4 d5 2. c4 c6 3. e3 Nf6 4. Nf3 g6 5. Be2 Bg7 6. O-O O-O 7. Nc3 Nbd7 8. cxd5 cxd5 9. Bd2 a6 10. Rc1 Re8 11. Qb3 e6 12. Rc2 Ne4 13. Rfc1 Ndf6 14. Nxe4 dxe4 15. Ne5 Nd5 16. Nc4 b5 17. Na5 Bd7 18. Nb7 Qe7 19. Nc5 Rec8 20. Qa3 Bf8 21. Qa5 Qd8 22. Qxd8 Rxd8 23. Nxe4 Rdc8 24. Nc5 Be8 25. Bf3 Ra7 26. e4 Nb6 27. Be3 Rac7 28. b3 Nd7 29. Bd1 a5 30. Nxd7 Rxc2 31. Rxc2 Bxd7 32. Rxc8 Bxc8 33. Bd2 Bb7 34. f3 Bg7 35. Bc3 b4 36. Bb2 Bf6 37. Be2 Bd8 38. Kf2 Bb6 39. Ke1 Kf8 40. Kd2 Ke7 41. Bb5 Bc8 42. Kd3 Kd6 43. a3 bxa3 44. Bxa3+ Kc7 45. Kc4 Bd7 46. Bc5 Bc6 47. Bxb6+ Kxb6 48. Bxc6 Kxc6 49. d5+ exd5+ 50. exd5+ Kd6 51. Kd4 f6 52. f4 f5 53. h4 h5 54. g3 1-0

[Event "25th Klatovy B 2017"]
[Site "Klatovy CZE"]
[Date "2017.07.07"]
[Round "7.31"]
[White "Jedlicka, Pavel"]
[Black "Zimovcak, Zdenek"]
[Result "0-1"]
[WhiteElo "1525"]
[BlackElo "1623"]
[PlyCount "90"]
[EventDate "2017.07.01"]
[EventType "swiss"]
[EventRounds "9"]
[EventCountry "CZE"]

1. f4 d5 2. d4 e6 3. e3 Nf6 4. Nf3 Nc6 5. a3 g6 6. Be2 Bg7 7. O-O a6 8. Ne5 Ne7 9. g4 Ne4 10. Nd2 c6 11. Nxe4 dxe4 12. g5 h6 13. Ng4 hxg5 14. c3 gxf4 15. Rxf4 f5 16. Ne5 Bxe5 17. dxe5 Nd5 18. Rf2 Qg5+ 19. Kh1 Qh4 20. Rg2 g5 21. c4 Ne7 22. Qg1 g4 23. Bd2 Bd7 24. Be1 Qh6 25. Bg3 O-O-O 26. Bf4 Qg7 27. Qe1 Ng6 28. Qa5 Nh4 29. Rg3 Rh7 30. Rf1 Rdh8 31. Rf2 Qe7 32. Qd2 Ng6 33. b4 Qh4 34. h3 Nxf4 35. Rgg2 Nxh3 36. b5 Nf4+ 37. Kg1 Nxg2 38. Rxg2 g3 39. Kf1 Qh1+ 40. Rg1 g2+ 41. Kf2 Qh4+ 42. Kxg2 Rg8+ 43. Kf1 Qh3+ 44. Rg2 Qxg2+ 45. Ke1 Rh1+ 0-1

[Event "25th Klatovy B 2017"]
[Site "Klatovy CZE"]
[Date "2017.07.07"]
[Round "7.32"]
[White "Chmelik, Benedikt"]
[Black "Stvan, Marek"]
[Result "0-1"]
[WhiteElo "1432"]
[BlackElo "1663"]
[PlyCount "64"]
[EventDate "2017.07.01"]
[EventType "swiss"]
[EventRounds "9"]
[EventCountry "CZE"]

1. e4 d5 2. Nc3 d4 3. Nce2 e5 4. Nf3 Nc6 5. Ng3 a6 6. Bc4 Na5 7. Nxe5 Nxc4 8. Nxc4 b5 9. Na5 c5 10. Nc6 Qc7 11. Nxd4 cxd4 12. d3 Bb4+ 13. Bd2 Bxd2+ 14. Qxd2 Nf6 15. O-O O-O 16. Rfe1 Be6 17. Rac1 Rac8 18. h3 a5 19. a3 Qb6 20. b4 a4 21. h4 Rc3 22. Ra1 Rfc8 23. Rec1 Qc7 24. h5 Rxc2 25. Rxc2 Qxc2 26. Qg5 h6 27. Qxb5 Qb2 28. Rd1 Rc1 29. Qxa4 Bb3 30. Qa8+ Kh7 31. Rxc1 Qxc1+ 32. Kh2 Ng4+ 0-1

[Event "25th Klatovy B 2017"]
[Site "Klatovy CZE"]
[Date "2017.07.07"]
[Round "7.33"]
[White "Lukes, Martin 2001"]
[Black "Stross, Frantisek 1952"]
[Result "1-0"]
[WhiteElo "1474"]
[BlackElo "1631"]
[PlyCount "75"]
[EventDate "2017.07.01"]
[EventType "swiss"]
[EventRounds "9"]
[EventCountry "CZE"]

1. e4 e5 2. Nf3 Nc6 3. Bc4 Nf6 4. d3 Bc5 5. Nc3 d6 6. Be3 Nd4 7. Na4 Bg4 8. Nxc5 dxc5 9. c3 Ne6 10. Bxe6 fxe6 11. Bxc5 b6 12. Ba3 c5 13. h3 Bxf3 14. Qxf3 O-O 15. O-O-O Nd5 16. Qg4 Nf4 17. g3 Nxd3+ 18. Kb1 Rf6 19. b3 Qd7 20. Bb2 b5 21. Qe2 c4 22. Rhf1 Raf8 23. Bc1 Rxf2 24. Rxf2 Rb8 25. Rf3 a5 26. Ba3 b4 27. cxb4 axb4 28. Bb2 Qa7 29. bxc4 Ra8 30. Qxd3 Qxa2+ 31. Kc1 h6 32. c5 Rc8 33. Qb5 b3 34. Rxb3 Qa8 35. Rb4 Qa7 36. Rc4 Rb8 37. Rd7 Qa8 38. Qa4 1-0

[Event "25th Klatovy B 2017"]
[Site "Klatovy CZE"]
[Date "2017.07.07"]
[Round "7.34"]
[White "Svec, Vitezslav"]
[Black "Lang, Simon"]
[Result "1-0"]
[WhiteElo "1630"]
[BlackElo "1166"]
[PlyCount "145"]
[EventDate "2017.07.01"]
[EventType "swiss"]
[EventRounds "9"]
[EventCountry "CZE"]

1. d4 d5 2. Bf4 e6 3. e3 c5 4. c3 Nf6 5. Bd3 Be7 6. Nf3 Nbd7 7. Nbd2 b6 8. Ne5 Bb7 9. h4 Nxe5 10. dxe5 Nd7 11. Qg4 g6 12. Nf3 Qc7 13. O-O O-O-O 14. b4 c4 15. Bc2 Rdg8 16. Bh2 f5 17. exf6 Nxf6 18. Qxe6+ Qd7 19. Qxd7+ Kxd7 20. Nd4 Re8 21. Ba4+ Kd8 22. Bxe8 Rxe8 23. b5 Ne4 24. f3 Nxc3 25. Bg3 Bc5 26. Rfe1 Rxe3 27. Rxe3 Bxd4 28. Bf2 Bxe3 29. Bxe3 Nxb5 30. a4 Nd6 31. a5 b5 32. Bxa7 c3 33. Bb6+ Ke7 34. Bc5 Ke6 35. a6 Ba8 36. Rc1 d4 37. Bxd4 b4 38. Rb1 c2 39. Re1+ Kd5 40. Bb2 Nc4 41. Bc1 b3 42. a7 b2 43. Bxb2 Nxb2 44. Rc1 Na4 45. Rxc2 Nc5 46. Rd2+ Kc6 47. Rd8 Kb7 48. Rh8 h5 49. Rh7+ Ka6 50. Rg7 Bd5 51. Rxg6+ Kxa7 52. Rg5 Bf7 53. Rxc5 Kb6 54. Rg5 Kc6 55. g4 hxg4 56. fxg4 Kd6 57. Kf2 Ke6 58. Ke3 Kf6 59. Kf4 Be6 60. Ra5 Kg7 61. Kg5 Bg8 62. Ra7+ Kh8 63. Kg6 Be6 64. g5 Bc8 65. h5 Be6 66. Kf6 Bg8 67. g6 Bd5 68. Rh7+ Kg8 69. h6 Be4 70. Ra7 Kh8 71. Rd7 Bxg6 72. Kxg6 Kg8 73. Rd8# 1-0

[Event "25th Klatovy B 2017"]
[Site "Klatovy CZE"]
[Date "2017.07.07"]
[Round "7.35"]
[White "Novotny, Jaromir"]
[Black "Ruzicka, Filip1"]
[Result "1/2-1/2"]
[WhiteElo "1394"]
[BlackElo "1644"]
[PlyCount "47"]
[EventDate "2017.07.01"]
[EventType "swiss"]
[EventRounds "9"]
[EventCountry "CZE"]

1. e4 c5 2. Nf3 a6 3. d4 cxd4 4. Nxd4 e5 5. Nf3 Nf6 6. Bc4 Qc7 7. Bd3 Bb4+ 8. c3 Bc5 9. O-O d5 10. Nbd2 O-O 11. exd5 Nxd5 12. Ne4 Bb6 13. Neg5 f5 14. Bxf5 Rxf5 15. Qxd5+ Kh8 16. Nh4 Rf6 17. Be3 Ba7 18. Bxa7 Rxa7 19. Rad1 Nc6 20. Nhf3 Bg4 21. Qc4 Bxf3 22. Nxf3 Ra8 23. Rfe1 Rd6 24. Qe4 1/2-1/2

[Event "25th Klatovy B 2017"]
[Site "Klatovy CZE"]
[Date "2017.07.07"]
[Round "7.36"]
[White "Sindelar, Jan"]
[Black "Vavrousek, Petr"]
[Result "1-0"]
[WhiteElo "1395"]
[BlackElo "1686"]
[PlyCount "67"]
[EventDate "2017.07.01"]
[EventType "swiss"]
[EventRounds "9"]
[EventCountry "CZE"]

1. e3 e5 2. c4 Nc6 3. Nc3 Nf6 4. d4 exd4 5. exd4 Bb4 6. Qe2+ Ne7 7. Bg5 Nfg8 8. Nf3 d6 9. g3 h6 10. Bd2 Nf6 11. Bg2 O-O 12. O-O Bg4 13. a3 Bxc3 14. Bxc3 Re8 15. Qc2 d5 16. Ne5 Bf5 17. Qb3 Rb8 18. Rfe1 dxc4 19. Qxc4 Be6 20. Qa4 a6 21. Rad1 Ned5 22. Qc2 Qc8 23. Ba5 Rd8 24. Bf1 Bf5 25. Bd3 Bh3 26. Bd2 Nd7 27. Bh7+ Kf8 28. Nxf7 Kxf7 29. Qg6+ Kf8 30. Bb4+ c5 31. Qd6+ Kf7 32. Qxd5+ Kf6 33. Qd6+ Kf7 34. Qe7# 1-0

[Event "25th Klatovy B 2017"]
[Site "Klatovy CZE"]
[Date "2017.07.07"]
[Round "7.37"]
[White "Kubat, Ladislav"]
[Black "Roskovec, Bedrich"]
[Result "0-1"]
[WhiteElo "1482"]
[BlackElo "1585"]
[PlyCount "60"]
[EventDate "2017.07.01"]
[EventType "swiss"]
[EventRounds "9"]
[EventCountry "CZE"]

1. e4 e6 2. d4 d5 3. e5 c5 4. c3 Nc6 5. Nf3 cxd4 6. a3 dxc3 7. Nxc3 a6 8. Bd3 Be7 9. O-O Bc5 10. Be3 Bxe3 11. fxe3 Nh6 12. Qe1 Ng4 13. Qg3 Nxe3 14. Qxg7 Rf8 15. Rf2 Ne7 16. Ng5 N7f5 17. Bxf5 Nxf5 18. Qf6 Qxf6 19. exf6 h6 20. Nf3 Bd7 21. Re1 O-O-O 22. Rc1 Kb8 23. Ne5 Bc6 24. Na2 Rc8 25. h3 Be8 26. Rxc8+ Kxc8 27. Nb4 Nd4 28. Kf1 Rg8 29. Rf4 Nf5 30. Nxd5 Ng3+ 0-1

[Event "25th Klatovy B 2017"]
[Site "Klatovy CZE"]
[Date "2017.07.07"]
[Round "7.38"]
[White "Kotal, Vit"]
[Black "Celovsky, Jan"]
[Result "1-0"]
[WhiteElo "1388"]
[BlackElo "1387"]
[PlyCount "57"]
[EventDate "2017.07.01"]
[EventType "swiss"]
[EventRounds "9"]
[EventCountry "CZE"]

1. e4 e5 2. Nf3 Nc6 3. Bc4 Nf6 4. O-O Bc5 5. d3 d6 6. h3 Be6 7. Bb3 Qd7 8. Ng5 Bxb3 9. axb3 O-O-O 10. Nc3 h6 11. Nf3 Rhf8 12. Bd2 Nh5 13. Nxe5 Nxe5 14. Qxh5 f5 15. Nd5 fxe4 16. dxe4 c6 17. b4 Bd4 18. c3 Bxf2+ 19. Rxf2 cxd5 20. exd5 Nd3 21. Rxf8 Rxf8 22. Rxa7 Kc7 23. Qe2 Kb8 24. Be3 Qf5 25. Ra5 Nf4 26. Bxf4 Qxf4 27. Ra1 Qf5 28. Rf1 Qc8 29. Rxf8 1-0

[Event "25th Klatovy B 2017"]
[Site "Klatovy CZE"]
[Date "2017.07.07"]
[Round "7.39"]
[White "Jesensky, Jaromir"]
[Black "Stanke, Vilem"]
[Result "0-1"]
[WhiteElo "1552"]
[BlackElo "1334"]
[PlyCount "40"]
[EventDate "2017.07.01"]
[EventType "swiss"]
[EventRounds "9"]
[EventCountry "CZE"]

1. e4 e5 2. Nf3 Nc6 3. Bc4 Bc5 4. O-O d6 5. d3 Bg4 6. c3 Nf6 7. Re1 O-O 8. b4 Bb6 9. Nbd2 d5 10. exd5 Nxd5 11. Qc2 Re8 12. h3 Bh5 13. Bb5 a6 14. Bxc6 bxc6 15. Nxe5 f6 16. Nef3 Nf4 17. Rf1 Qxd3 18. Qxd3 Nxd3 19. Nd4 Bxd4 20. cxd4 Be2 0-1

[Event "25th Klatovy B 2017"]
[Site "Klatovy CZE"]
[Date "2017.07.07"]
[Round "7.40"]
[White "Bauer, Jan 2005"]
[Black "Zilava, Anezka"]
[Result "1-0"]
[WhiteElo "1432"]
[BlackElo "1245"]
[PlyCount "61"]
[EventDate "2017.07.01"]
[EventType "swiss"]
[EventRounds "9"]
[EventCountry "CZE"]

1. e4 e5 2. Nf3 Nc6 3. Bb5 a6 4. Ba4 b5 5. Bb3 Na5 6. O-O Nxb3 7. axb3 d6 8. h3 Nf6 9. Re1 Bb7 10. d3 Be7 11. Nc3 O-O 12. Ne2 Qd7 13. Ng3 Bd8 14. Nf5 g6 15. Ng3 c5 16. Bg5 Re8 17. Qd2 d5 18. exd5 Qxd5 19. Qe3 Nd7 20. Bxd8 Raxd8 21. Qe4 Nf6 22. Qxd5 Nxd5 23. Rxe5 Rxe5 24. Nxe5 Re8 25. Nd7 Nf4 26. Nf6+ Kf8 27. Nxe8 Kxe8 28. Re1+ Kf8 29. f3 Ne6 30. Re5 Bc8 31. Ne4 1-0

[Event "25th Klatovy B 2017"]
[Site "Klatovy CZE"]
[Date "2017.07.07"]
[Round "7.41"]
[White "Janous, Marek"]
[Black "Novy, Jan"]
[Result "0-1"]
[WhiteElo "1168"]
[BlackElo "1563"]
[PlyCount "66"]
[EventDate "2017.07.01"]
[EventType "swiss"]
[EventRounds "9"]
[EventCountry "CZE"]

1. e4 g6 2. d4 Bg7 3. Nf3 d6 4. Bf4 Nd7 5. Nc3 c6 6. Bc4 b5 7. Bb3 a5 8. a4 b4 9. Ne2 Ba6 10. Qd2 Ngf6 11. Ng3 c5 12. Bh6 O-O 13. Bxg7 Kxg7 14. h4 c4 15. Ba2 h6 16. h5 Rh8 17. e5 Nd5 18. c3 e6 19. hxg6 fxg6 20. Bb1 dxe5 21. Qc2 Qe8 22. Nh4 Nf4 23. Ne2 Nd3+ 24. Kf1 Qf7 25. f3 g5 26. cxb4 axb4 27. Qd2 e4 28. Ng3 gxh4 29. Rxh4 Nf6 30. Bxd3 cxd3 31. Qf4 exf3 32. Rc1 d2+ 33. Kg1 dxc1=Q+ 0-1

[Event "25th Klatovy B 2017"]
[Site "Klatovy CZE"]
[Date "2017.07.07"]
[Round "7.42"]
[White "Frnoch, Vojtech"]
[Black "Vilimek, Vit"]
[Result "1-0"]
[WhiteElo "1660"]
[BlackElo "1276"]
[PlyCount "81"]
[EventDate "2017.07.01"]
[EventType "swiss"]
[EventRounds "9"]
[EventCountry "CZE"]

1. c4 d5 2. cxd5 g6 3. Nc3 Nf6 4. e4 c6 5. d4 cxd5 6. e5 Ng4 7. h3 Nh6 8. Nf3 Nc6 9. Bb5 Bd7 10. Nxd5 Bxh3 11. Rxh3 Qxd5 12. Bxc6+ Qxc6 13. Bxh6 Qe4+ 14. Be3 g5 15. Rg3 g4 16. Ng5 Qg6 17. Rxg4 Qh5 18. Nh3 Qf5 19. Kf1 Rc8 20. Rf4 Qe6 21. Rc1 Qa6+ 22. Kg1 b6 23. Rxc8+ Qxc8 24. Qa4+ Kd8 25. Ng5 Bh6 26. Nxf7+ Kc7 27. Nxh6 Kb8 28. Nf5 Qb7 29. Qc4 Rc8 30. Qe6 Rc7 31. d5 Qa6 32. Nxe7 Qxa2 33. Rf8+ Kb7 34. Rf7 Qb1+ 35. Kh2 Qc2 36. d6 Rc4 37. Nf5+ Ka6 38. Nd4 Qd3 39. Qd5 Rxd4 40. Bxd4 Qg6 41. Qc4+ 1-0

[Event "25th Klatovy B 2017"]
[Site "Klatovy CZE"]
[Date "2017.07.07"]
[Round "7.43"]
[White "Nandin Erdene, Davaademberel 2008"]
[Black "Palla, Marek"]
[Result "1-0"]
[WhiteElo "1501"]
[BlackElo "1184"]
[PlyCount "49"]
[EventDate "2017.07.01"]
[EventType "swiss"]
[EventRounds "9"]
[EventCountry "CZE"]

1. e4 e6 2. d4 d5 3. Nc3 c5 4. Be3 Qb6 5. b3 Nc6 6. dxc5 Qb4 7. Bd2 dxe4 8. Nb5 Qxc5 9. Nc7+ Ke7 10. Nxa8 Qd6 11. Bb5 Bd7 12. Bxc6 Bxc6 13. Bc3 Qb8 14. Bb4+ Ke8 15. Bxf8 Kxf8 16. Ne2 Qxa8 17. Qd6+ Ke8 18. O-O-O Qc8 19. Rd4 Nf6 20. Rhd1 Nd7 21. Nc3 e5 22. R4d2 b6 23. Nxe4 h5 24. Qd3 Rh6 25. Nd6+ 1-0

[Event "25th Klatovy B 2017"]
[Site "Klatovy CZE"]
[Date "2017.07.07"]
[Round "7.44"]
[White "Nagyova, Daniela"]
[Black "Tomascik, Petr"]
[Result "1-0"]
[WhiteElo "1164"]
[BlackElo "1474"]
[PlyCount "84"]
[EventDate "2017.07.01"]
[EventType "swiss"]
[EventRounds "9"]
[EventCountry "CZE"]

1. e4 Nc6 2. Nf3 g6 3. d4 e6 4. c4 Bg7 5. Nc3 d6 6. g3 Nge7 7. Bg2 Rb8 8. Be3 a6 9. Qd2 h5 10. Ng5 b5 11. cxb5 axb5 12. a3 Bd7 13. O-O Na5 14. Qe2 c6 15. Qf3 f5 16. exf5 exf5 17. Nce4 Nb7 18. Rfe1 O-O 19. Nc3 d5 20. Nh3 Nd6 21. Bg5 Ne4 22. Nxe4 fxe4 23. Qe3 Bxh3 24. Bxh3 Rb7 25. Bh6 Nf5 26. Bxf5 Rxf5 27. Bxg7 Kxg7 28. h3 Rf3 29. Qc1 Qd6 30. Re3 Rbf7 31. Rxf3 Rxf3 32. a4 b4 33. a5 Qd7 34. Kg2 Qf7 35. a6 Qa7 36. Qxc6 Rf7 37. Qxd5 Re7 38. Qc5 e3 39. fxe3 Qa8+ 40. d5 Rd7 41. e4 Rf7 42. a7 Qf8 1-0

[Event "25th Klatovy B 2017"]
[Site "Klatovy CZE"]
[Date "2017.07.07"]
[Round "7.45"]
[White "Kadlec, Rudolf"]
[Black "Langova, Hana"]
[Result "1-0"]
[WhiteElo "1436"]
[BlackElo "1000"]
[PlyCount "95"]
[EventDate "2017.07.01"]
[EventType "swiss"]
[EventRounds "9"]
[EventCountry "CZE"]

1. e4 e5 2. d4 Nc6 3. d5 Nd4 4. Be3 Bc5 5. c3 d6 6. cxd4 exd4 7. Bxd4 Bb4+ 8. Bc3 Bxc3+ 9. Nxc3 Nf6 10. Bb5+ Bd7 11. Nf3 Qe7 12. Bxd7+ Qxd7 13. O-O O-O-O 14. a4 Rhg8 15. Re1 g5 16. Qd4 Nh5 17. Qxa7 Qe7 18. Qa8+ Kd7 19. Qxb7 g4 20. Qc6+ Kc8 21. Nd4 g3 22. Qa6+ Kd7 23. fxg3 Qe5 24. Nde2 Rg6 25. Rf1 Rf6 26. Rxf6 Nxf6 27. Rf1 Ng4 28. Rxf7+ Ke8 29. Rf5 Qg7 30. Qc6+ Qd7 31. Qxd7+ Rxd7 32. Nd4 Ne3 33. Rf3 Nc4 34. Ne6 Nxb2 35. Rf8+ Ke7 36. Rc8 Kf6 37. Rxc7 Ke7 38. Rxd7+ Kxd7 39. Nf8+ Kc7 40. Nxh7 Kb6 41. Nf6 Nc4 42. h4 Ne5 43. h5 Nf7 44. Kf2 Kc5 45. Ke3 Kb4 46. Kd2 Nh6 47. Nb5 Kc5 48. Kc2 1-0